|
|
|
|
| LEADER |
00000naa2a2200000 4500 |
| 001 |
90011 |
| 005 |
20231031103309.0 |
| 035 |
|
|
|a (RuTPU)RU\TPU\book\96546
|
| 090 |
|
|
|a 90011
|
| 100 |
|
|
|a 20060202d2002 k y0rusy50 ca
|
| 101 |
0 |
|
|a rus
|
| 102 |
|
|
|a RU
|
| 200 |
1 |
|
|a Разработка комплексного метода оценки эффективности переработки нефти на мини-НПЗ и качества товарных нефтепродуктов
|f А. В. Кравцов [и др.]
|
| 463 |
|
0 |
|0 (RuTPU)RU\TPU\book\48354
|t Газификация - 2002
|o вторая межрегиональная специализированная выставка-ярмарка, Томск, 23-25 октября 2002 г.
|f Томский Международный деловой центр "Технопарк"; Востокгазпром; под ред. Н. П. Кириллова
|v С. 182.
|d 2002
|p 205 с.
|
| 610 |
1 |
|
|a методы
|
| 610 |
1 |
|
|a комплексные методы
|
| 610 |
1 |
|
|a оценка
|
| 610 |
1 |
|
|a переработка нефти
|
| 610 |
1 |
|
|a нефть
|
| 610 |
1 |
|
|a переработка
|
| 610 |
1 |
|
|a мини-НПЗ
|
| 610 |
1 |
|
|a нефтепродукты
|
| 610 |
1 |
|
|a качество
|
| 610 |
1 |
|
|a товарные качества
|
| 610 |
1 |
|
|a труды учёных ТПУ
|
| 701 |
|
1 |
|a Кравцов
|b А. В.
|c химик-технолог
|c профессор-консультант Томского политехнического университета, доктор технических наук
|f 1938-
|g Анатолий Васильевич
|2 stltpush
|3 (RuTPU)RU\TPU\pers\19827
|
| 701 |
|
1 |
|a Носов
|b В. В.
|
| 701 |
|
1 |
|a Долгих
|b С. М.
|
| 701 |
|
1 |
|a Новиков
|b А. А.
|
| 801 |
|
1 |
|a RU
|b 63413507
|c 20060202
|g PSBO
|
| 801 |
|
2 |
|a RU
|b 63413507
|c 20120418
|g RCR
|
| 942 |
|
|
|c BK
|